00646cam a2200181 a 450000100100000000500170001000800410002704000250006808200200009310000400011324500490015326000320020230000200023465000350025465000370028995201230032699900150044900000488120200929151527.0780601s1967 sp 001 0 spa  aDO-SdBNPbspacBNPHU aPR863.44bL864p1 aLópez, Julio Cesar,d1926-91412610aPeregrino de sombras /cJulio Cesar López. aBarcelona :bRumbos,c1967. a85 p. ;c20 cm. 4aCuento puertorriqueño914127 4aLiteratura puertorriqueña9250 001052708MOaGRbGRcCTd2009-07-27iLF1l0oPR863.44 L864pp4881-10r2020-06-25w2020-06-25y2ZPréstamo interno c4687d4687